000 00364nam a2200157Ia 4500
008 230917s9999||||xx |||||||||||||| ||und||
040 _e140369
_aMAIN
041 _aEnglish
082 _a342 U1A
100 _aUpadhyay
245 0 _aPrashashnik vidhi
250 _a7th ed.
260 _aAllahabad
_bCentral law
_c2005
300 _axiix, 529p p.
942 _cBK
999 _c146360
_d146360